[Event "SVK-chT2D 2223"]
[Site "Slovakia"]
[Date "2022.10.09"]
[Round "2.6"]
[White "Spinler, Dalibor"]
[Black "Moravek, Imrich"]
[Result "1/2-1/2"]
[WhiteElo "1635"]
[BlackElo "1830"]
[PlyCount "39"]
[EventDate "2022.10.08"]
[EventType "team-tourn"]
[EventRounds "11"]
[EventCountry "SVK"]
[SourceTitle "EXT 2024"]
[Source "ChessBase"]
[SourceDate "2023.10.10"]
[SourceVersion "1"]
[SourceVersionDate "2023.10.10"]
[SourceQuality "1"]
[WhiteTeam "Sabinov"]
[BlackTeam "Margecany"]
[WhiteTeamCountry "SVK"]
[BlackTeamCountry "SVK"]

1. d4 c6 2. Nf3 d5 3. Bf4 Bf5 4. e3 Nd7 5. c4 e6 6. Nc3 Ngf6 7. c5 Ne4 8. Qb3 Qc8 9. Be2 Be7 10. 0-0 h6 11. Nxe4 Bxe4 12. Nd2 Bg6 13. f3 Bf6 14. Bd3 Bxd3 15. Qxd3 0-0 16. Bd6 Re8 17. f4 Be7 18. Bxe7 Rxe7 19. e4 Qe8 20. e5 1/2-1/2

[Event "SVK-chT1E 2122"]
[Site "Slovakia"]
[Date "2022.02.26"]
[Round "4.5"]
[White "Spinler, Dalibor"]
[Black "Solcan, Martin"]
[Result "0-1"]
[WhiteElo "1634"]
[BlackElo "2069"]
[PlyCount "44"]
[EventDate "2022.01.29"]
[EventType "team-tourn"]
[EventRounds "11"]
[EventCountry "SVK"]
[SourceTitle "EXT 2023"]
[Source "ChessBase"]
[SourceDate "2022.10.05"]
[SourceVersion "1"]
[SourceVersionDate "2022.10.05"]
[SourceQuality "1"]
[WhiteTeam "Sabinov"]
[BlackTeam "Zvolen Slavia"]
[WhiteTeamCountry "SVK"]
[BlackTeamCountry "SVK"]

1. d4 Nf6 2. Nf3 g6 3. e3 Bg7 4. Bd3 0-0 5. 0-0 d6 6. c3 Nbd7 7. Re1 e5 8. dxe5 dxe5 9. e4 Nc5 10. Qc2 Qxd3 11. Qxd3 Nxd3 12. Rd1 Nxc1 13. Rxc1 Nxe4 14. Re1 f5 15. Na3 Be6 16. Rad1 Rad8 17. Nb5 c6 18. Na3 Bxa2 19. Nc2 Rxd1 20. Rxd1 Bb3 21. Rc1 Bxc2 22. Rxc2 Rd8 0-1

[Event "SVK-chT1E 2122"]
[Site "Slovakia"]
[Date "2022.01.30"]
[Round "2.5"]
[White "Spinler, Dalibor"]
[Black "Pejko, Otomar"]
[Result "0-1"]
[WhiteElo "1634"]
[BlackElo "2101"]
[PlyCount "108"]
[EventDate "2022.01.29"]
[EventType "team-tourn"]
[EventRounds "11"]
[EventCountry "SVK"]
[SourceTitle "EXT 2023"]
[Source "ChessBase"]
[SourceDate "2022.10.05"]
[SourceVersion "1"]
[SourceVersionDate "2022.10.05"]
[SourceQuality "1"]
[WhiteTeam "Sabinov"]
[BlackTeam "Kosice Slavia TU"]
[WhiteTeamCountry "SVK"]
[BlackTeamCountry "SVK"]

1. d4 Nf6 2. Nf3 c5 3. e3 b6 4. Bd3 Bb7 5. 0-0 g6 6. Re1 Bg7 7. c3 d5 8. Qe2 0-0 9. Nbd2 Ne4 10. h3 Nd7 11. Nh2 Nxd2 12. Bxd2 e5 13. dxe5 Nxe5 14. Rad1 Nxd3 15. Qxd3 Qf6 16. Ng4 Qc6 17. f3 Qa4 18. Qb1 f5 19. Nf2 Rae8 20. b3 Qh4 21. Qc2 Qg3 22. Re2 Be5 23. Rde1 Qh4 24. f4 Bg7 25. c4 d4 26. e4 fxe4 27. Nxe4 Bc6 28. Qd3 Bh6 29. Qg3 Qxg3 30. Nxg3 Rxe2 31. Nxe2 Re8 32. Kf2 Kf7 33. g3 Bg7 34. Nc1 Rxe1 35. Bxe1 Be4 36. Ke2 Bg2 37. h4 h5 38. b4 Be4 39. bxc5 bxc5 40. Nd3 Bf8 41. Ba5 Bd6 42. Bd8 Ke6 43. Ba5 Kf5 44. Bd2 Bxd3+ 45. Kxd3 Kg4 46. Be1 Kf3 47. Kd2 Bc7 48. Kd3 Bd8 49. Kc2 Ke2 50. Bd2 d3+ 51. Kc1 Bf6 52. f5 gxf5 53. Bf4 Bd4 54. Bg5 Bc3 0-1

[Event "SVK-chT1E 1112"]
[Site "Slovakia"]
[Date "2012.03.04"]
[Round "11.8"]
[White "Svrcek, Martin"]
[Black "Spinler, Dalibor"]
[Result "1-0"]
[WhiteElo "1999"]
[BlackElo "1460"]
[PlyCount "69"]
[EventDate "2011.10.15"]
[EventType "team-tourn"]
[EventRounds "11"]
[EventCountry "SVK"]
[SourceTitle "EXT 2013"]
[Source "ChessBase"]
[SourceDate "2012.11.22"]
[SourceVersion "1"]
[SourceVersionDate "2012.11.22"]
[SourceQuality "1"]
[WhiteTeam "Kysucke Nove Mesto"]
[BlackTeam "Sabinov II"]
[WhiteTeamCountry "SVK"]
[BlackTeamCountry "SVK"]

1. d4 Nf6 2. c4 d6 3. Nc3 g6 4. Nf3 Bg7 5. e4 0-0 6. Be2 Nc6 7. Bg5 h6 8. Bh4 e5 9. dxe5 dxe5 10. Qxd8 Rxd8 11. Bxf6 Bxf6 12. Nd5 Kg7 13. Nxc7 Rb8 14. h3 Nd4 15. Rc1 Bd7 16. Nd5 Rbc8 17. Nxd4 exd4 18. Kd2 Bc6 19. Nxf6 Kxf6 20. Bd3 Re8 21. Rce1 a6 22. f4 b5 23. cxb5 axb5 24. e5+ Kg7 25. Be4 Red8 26. Bxc6 Rxc6 27. Rc1 Ra6 28. a3 Ra4 29. Kd3 Rc4 30. Rxc4 bxc4+ 31. Kxc4 d3 32. Rd1 d2 33. Kc3 g5 34. g3 f5 35. Rxd2 1-0